Farming of prawns and shrimps

Gorde:
Xehetasun bibliografikoak
Egile nagusia: Aput, F. D.
Formatua: Liburua
Hizkuntza:Undetermined
Argitaratua: Manila, Philippines Aquaculture Department Southeast Asian Fisheries Development Center
Gaiak:
Etiketak: Etiketa erantsi
Etiketarik gabe, Izan zaitez lehena erregistro honi etiketa jartzen!
Thư viện lưu trữ: Trung tâm Học liệu Trường Đại học Cần Thơ
LEADER 00558nam a2200169Ia 4500
001 CTU_150696
008 210402s9999 xx 000 0 und d
082 |a 639.63 
082 |b A655 
100 |a Aput, F. D. 
245 0 |a Farming of prawns and shrimps 
245 0 |c F. D. Aput, J. H. Primavera and P. L. Torres 
260 |a Manila, Philippines 
260 |b Aquaculture Department Southeast Asian Fisheries Development Center 
650 |a Shrimp culture,Nuôi tôm 
904 |i Trọng Hải 
980 |a Trung tâm Học liệu Trường Đại học Cần Thơ